000 01331nam a2200277Ia 4500
999 _c54192
_d54192
001 21248
003 GE_BSU
005 20211018174352.0
008 181216s2009||||ge |||||||||||||| ||geo||
040 _cGE_BSU
041 _ageo
080 _a1 შ-88
100 _aშტაინერი, რუდოლფ
_93841
245 _aეგოიზმი ფილოსოფიაში /
_cრუდოლფ შტაინერი ; მთარგმნელები ლ. ბაბლუანი, ა. კვარაცხელია ; რედაქტორი ა. კვარაცხელია.
264 _aთბილისი :
_b[?],
_c2009.
300 _a80 გვ. ;
_c21 სმ.
490 _aანთროპოსოფიის ბიბლიოთეკა
520 _aპარალელური სათაური ინგლისურ ენაზე
541 _h6ლ.
653 _aეგოიზმი ფილოსოფიაში
653 _aფილოსოფია
700 _aბაბლუანი, ლ.
_eმთარგმნელი
_98097
700 _aკვარაცხელია, ა.
_eმთარგმნელი
_96657
700 _aკვარაცხელია, ა.
_eრედაქტორი
_96657
942 _cBK
_2udc